| 000 | 03321cam a2200373 4500500 | ||
|---|---|---|---|
| 005 | 20251228050559.0 | ||
| 041 | _afre | ||
| 042 | _adc | ||
| 100 | 1 | 0 |
_aRaz, Michal _eauthor |
| 245 | 0 | 0 | _aQualité de vie et fertilité dans les études de suivi des personnes intersexuées |
| 260 | _c2016. | ||
| 500 | _a5 | ||
| 520 | _aL’article interroge la façon dont les normes de genre sont en œuvre non seulement dans les interventions sur les corps intersexués, mais dans l’évaluation de la santé et de la sexualité de ces personnes devenues adultes. À travers les questions de fertilité et de sexualité, nous proposons une analyse des études scientifiques sur le devenir adulte des personnes opérées dans l’enfance. L’analyse s’intéressera aux biais de ces études, aux normes qui définissent la ‘qualité de vie’ souhaitée et aux terrains de l’ignorance qui s’en dégagent. Enfin, nous verrons en quoi l’intersexuation sert de lieu pour aborder les débats autour des théories du déterminisme biologique de l’identité de genre et de la sexualité. | ||
| 520 | _aThis article examines the way in which gender norms influence not only interventions on intersexual bodies, but also the evaluation of the health and sexuality of these individuals once they have reached adult age I analyse various scientific studies on the life course and adulthood of individuals who were operated on in childhood to explore issues of fertility and sexuality of intersexual persons. This analysis focuses on the various biases that plague these studies, on the norms they use to define the desired “quality of life”, and on the politics of ignorance that characterize these studies. Finally, I investigate how intersexuality can serve as an avenue to open up debates about theories of the biological determinism of gender identity and sexuality. | ||
| 520 | _aEl artículo examina la forma en que las normas de género influyen no solamente en las intervenciones sobre los cuerpos intersexuados, pero también en la evaluación de la salud y de la sexualidad de esas personas que se volvieron adultas. A través de las cuestiones de fertilidad y de sexualidad, proponemos un análisis de los estudios científicos sobre el devenir adulto de las personas operadas en la infancia. El análisis se interesara a los sesgos de esos estudios, a las normas que definen la 'calidad de vida' deseada y a las formas de ignorancia que resaltan. Finalmente, veremos cómo la intersexuación sirve de lugar para abordar los debates alrededor de las teorías del determinismo biológico de la identidad de género y de la sexualidad. | ||
| 690 | _aétudes médicales | ||
| 690 | _afécondité | ||
| 690 | _afertilité | ||
| 690 | _ahétéronormativité | ||
| 690 | _aintersexuation | ||
| 690 | _aqualité de vie | ||
| 690 | _asanté sexuelle | ||
| 690 | _asexualité | ||
| 690 | _aFecundity | ||
| 690 | _aFertility | ||
| 690 | _aHeteronormativity | ||
| 690 | _aIntersexuality | ||
| 690 | _aMedical studies | ||
| 690 | _aQuality of life | ||
| 690 | _aSexual health | ||
| 690 | _aSexuality | ||
| 786 | 0 | _nCahiers du Genre | 60 | 1 | 2016-04-01 | p. 145-168 | 1298-6046 | |
| 856 | 4 | 1 | _uhttps://shs.cairn.info/revue-cahiers-du-genre-2016-1-page-145?lang=fr&redirect-ssocas=7080 |
| 999 |
_c1580669 _d1580669 |
||